Lenguaje y poesía: algunos casos españoles

שמור ב:
מידע ביבליוגרפי
מחבר ראשי: Guillén, Jorge (Author)
פורמט: ספר
שפה:ספרדית
יצא לאור: Madrid Alianza 1969
סדרה:El Libro de Bolsillo Alianza. Sección Literatura
נושאים:
תגים: הוספת תג
אין תגיות, היה/י הראשונ/ה לתייג את הרשומה!

MARC

LEADER 00000nam a2200000 a 4500
001 UCQ4716
003 CL-VaPUC
008 980910e19690000SP |||||||||||||||||spa|d
082 0 4 |a 861.09  |b GUI  |2 21 
100 0 |a Guillén, Jorge  |e author  |9 338659 
245 1 0 |a Lenguaje y poesía: algunos casos españoles 
300 |a 211 p 
942 |c BK 
945 |d 19980910 00:00:00  |a lriquelm 
260 |a Madrid  |b Alianza  |c 1969 
600 0 7 |a BERCEO, GONZALO DE  |2 CL-VaPUC  |9 308429 
600 0 7 |a GONGORA Y ARGOTE, LUIS DE  |2 CL-VaPUC  |9 267951 
600 0 7 |a BECQUER, GUSTAVO ADOLFO  |2 CL-VaPUC  |9 317836 
650 0 |a Poesías españolas  |9 265100 
650 0 |a Crítica e interpretación   |9 255042 
583 |a last modification  |c 19980910 00:00:00  |k Rodrigo Vera 
490 0 |a El Libro de Bolsillo Alianza. Sección Literatura 
999 |c 275021  |d 275019 
952 |0 0  |1 0  |4 0  |6 861_090000000000000_GUI_1969  |7 0  |8 A  |9 311529  |a BIBEDU  |b BIBEDU  |d 2019-11-20  |i 2912732  |o 861.09 GUI 1969  |p 2912732  |r 2019-11-20  |w 2019-11-20  |y BK  |k LIT